[Event "ZN-2016-0-03393"]
[Site "LSS email"]
[Date "2016.08.08"]
[Round "?"]
[White "Garcia, Javier"]
[Black "Goepfert, Christian"]
[Result "0-1"]
[WhiteElo "789"]
[BlackElo "638"]
[PlyCount "38"]
[EventDate "2016.08.02"]
[EventType "match (corr)"]
[EventRounds "2"]
[EventCountry "GER"]
[SourceTitle "Corr 2022"]
[Source "ChessBase"]
[SourceDate "2021.10.24"]
[SourceVersion "1"]
[SourceVersionDate "2021.10.24"]
[SourceQuality "1"]

1. d4 Nf6 2. c4 e6 3. Nc3 Bb4 4. Bg5 Bxc3+ 5. bxc3 0-0 6. Nf3 b6 7. e4 d6 8. e5 dxe5 9. Nxe5 Bb7 10. Ng4 Nbd7 11. Ne5 Qe8 12. Nxd7 Nxd7 13. f3 e5 14. d5 e4 15. fxe4 Qxe4+ 16. Qe2 Qxe2+ 17. Bxe2 Rfe8 18. Kf2 Nc5 19. Rhd1 Ne4+ 0-1

[Event "OP-2016-0-04113"]
[Site "LSS email"]
[Date "2016.08.02"]
[Round "?"]
[White "Goepfert, Christian"]
[Black "Perez Garcia, Miguel"]
[Result "0-1"]
[WhiteElo "634"]
[BlackElo "1508"]
[PlyCount "24"]
[EventDate "2016.07.28"]
[EventType "tourn (corr)"]
[EventRounds "4"]
[EventCountry "GER"]
[SourceTitle "Corr 2022"]
[Source "ChessBase"]
[SourceDate "2021.10.24"]
[SourceVersion "1"]
[SourceVersionDate "2021.10.24"]
[SourceQuality "1"]

1. e4 e5 2. Nf3 Nc6 3. Bb5 Nf6 4. d3 Bc5 5. Bxc6 dxc6 6. Nbd2 0-0 7. 0-0 Bd6 8. Nc4 b5 9. Ncxe5 Qe8 10. Bf4 Nh5 11. Qd2 Nxf4 12. Qxf4 f6 0-1

[Event "OP-2016-0-04113"]
[Site "LSS email"]
[Date "2016.08.01"]
[Round "?"]
[White "Cabrera Trujillo, Claudio Tomas"]
[Black "Goepfert, Christian"]
[Result "1-0"]
[WhiteElo "1129"]
[BlackElo "634"]
[PlyCount "65"]
[EventDate "2016.07.28"]
[EventType "tourn (corr)"]
[EventRounds "4"]
[EventCountry "GER"]
[SourceTitle "Corr 2022"]
[Source "ChessBase"]
[SourceDate "2021.10.24"]
[SourceVersion "1"]
[SourceVersionDate "2021.10.24"]
[SourceQuality "1"]

1. e4 c6 2. Nc3 d5 3. d4 dxe4 4. Nxe4 Bf5 5. Ng3 Bg6 6. h4 h6 7. Nf3 Nd7 8. h5 Bh7 9. Bd3 Bxd3 10. Qxd3 Ngf6 11. c4 e6 12. Bf4 Qa5+ 13. Bd2 Qc7 14. 0-0-0 Bd6 15. Ne4 Nxe4 16. Qxe4 0-0-0 17. Bc3 Nf6 18. Qc2 Ng4 19. Kb1 Kb8 20. Rhe1 Nf6 21. Qb3 Nxh5 22. d5 Nf4 23. g3 Ng6 24. dxe6 Rhe8 25. exf7 Qxf7 26. Ba5 Qf5+ 27. Ka1 Qxa5 28. Rxe8 Rxe8 29. Rxd6 Ne5 30. Rd1 Nxf3 31. Qxf3 Re1 32. Qf8+ Kc7 33. Qd8# 1-0

[Event "ZN-2016-0-03363"]
[Site "LSS email"]
[Date "2016.06.23"]
[Round "?"]
[White "Churyaev, Aleksej"]
[Black "Goepfert, Christian"]
[Result "1-0"]
[WhiteElo "1007"]
[BlackElo "625"]
[PlyCount "57"]
[EventDate "2016.06.12"]
[EventType "match (corr)"]
[EventRounds "2"]
[EventCountry "GER"]
[SourceTitle "Corr 2022"]
[Source "ChessBase"]
[SourceDate "2021.10.24"]
[SourceVersion "1"]
[SourceVersionDate "2021.10.24"]
[SourceQuality "1"]

1. d4 Nf6 2. c4 e6 3. Nc3 Bb4 4. e3 Bxc3+ 5. bxc3 b6 6. Bd3 Ba6 7. Qe2 Nc6 8. Ba3 d6 9. Rd1 0-0 10. Nf3 Re8 11. e4 Na5 12. Nd2 c5 13. 0-0 d5 14. cxd5 Bxd3 15. Qxd3 cxd4 16. Qxd4 exd5 17. e5 Rxe5 18. Qxe5 Rc8 19. Be7 Nc6 20. Bxd8 Nxe5 21. Bxf6 gxf6 22. Nb1 Rc5 23. f4 Nc4 24. Rd3 a5 25. Rf2 b5 26. Nd2 b4 27. cxb4 axb4 28. Nb3 Rc7 29. Rxd5 1-0

[Event "SN-2016-0-00771"]
[Site "LSS email"]
[Date "2016.06.23"]
[Round "?"]
[White "Goepfert, Christian"]
[Black "Hughes, Peter James"]
[Result "0-1"]
[WhiteElo "625"]
[BlackElo "650"]
[PlyCount "62"]
[EventDate "2016.06.06"]
[EventType "tourn (corr)"]
[EventRounds "6"]
[EventCountry "GER"]
[SourceTitle "Corr 2022"]
[Source "ChessBase"]
[SourceDate "2021.10.24"]
[SourceVersion "1"]
[SourceVersionDate "2021.10.24"]
[SourceQuality "1"]

1. e4 e6 2. d4 d5 3. Nc3 Bb4 4. exd5 Bxc3+ 5. bxc3 Nf6 6. dxe6 Bxe6 7. Ba3 Ne4 8. Qf3 f5 9. Bb4 c6 10. Bd3 Qf6 11. Bxe4 fxe4 12. Qxe4 Nd7 13. Nf3 0-0-0 14. 0-0 Bd5 15. Qd3 b6 16. Ne5 b5 17. a4 Nxe5 18. dxe5 Qxe5 19. Qh3+ Be6 20. Qf3 Bd5 21. Qg3 Qxg3 22. fxg3 Kb7 23. axb5 cxb5 24. Rf5 Bc4 25. Re1 Rd2 26. Re7+ Ka6 27. Bc5 Ra8 28. Rf8 Rd1+ 29. Kf2 Rf1+ 30. Ke3 Rfxf8 31. Rxg7 Rfe8+ 0-1

[Event "LSS No Engine Cup 109 Preliminary 4"]
[Site "LSS email"]
[Date "2014.04.26"]
[Round "?"]
[White "Arango Marin, Sixto Gregorio"]
[Black "Goepfert, Christian"]
[Result "1-0"]
[WhiteElo "756"]
[BlackElo "587"]
[PlyCount "21"]
[EventDate "2014.04.27"]
[EventType "tourn (corr)"]
[EventRounds "6"]
[EventCountry "GER"]
[SourceTitle "Corr 2015"]
[Source "ChessBase"]
[SourceDate "2015.07.17"]
[SourceVersion "1"]
[SourceVersionDate "2015.07.17"]
[SourceQuality "1"]

1. e4 c6 2. d4 d5 3. Nc3 dxe4 4. Nxe4 Bf5 5. Nc3 e6 6. Bc4 Bb4 7. Nge2 Ne7 8. a3 Bd6 9. b4 Qc7 10. Bd3 Bxh2 11. g3 1-0

[Event "SN-2014-0-00587"]
[Site "LSS email"]
[Date "2014.04.17"]
[Round "?"]
[White "Raines, David T"]
[Black "Goepfert, Christian"]
[Result "1-0"]
[WhiteElo "1101"]
[BlackElo "661"]
[PlyCount "21"]
[EventDate "2014.03.22"]
[EventType "tourn (corr)"]
[EventRounds "6"]
[EventCountry "GER"]
[SourceTitle "Corr 2022"]
[Source "ChessBase"]
[SourceDate "2021.10.24"]
[SourceVersion "1"]
[SourceVersionDate "2021.10.24"]
[SourceQuality "1"]

1. d4 c5 2. c3 cxd4 3. cxd4 d5 4. Nf3 Bg4 5. e3 Nc6 6. Nc3 Nf6 7. Be2 e6 8. 0-0 Bd6 9. h3 Bh5 10. Bd2 0-0 11. Rc1 1-0

[Event "SN-2014-0-00587"]
[Site "LSS email"]
[Date "2014.04.17"]
[Round "?"]
[White "Yangibayev, N."]
[Black "Goepfert, Christian"]
[Result "1-0"]
[WhiteElo "948"]
[BlackElo "661"]
[PlyCount "29"]
[EventDate "2014.03.22"]
[EventType "tourn (corr)"]
[EventRounds "6"]
[EventCountry "GER"]
[SourceTitle "Corr 2022"]
[Source "ChessBase"]
[SourceDate "2021.10.24"]
[SourceVersion "1"]
[SourceVersionDate "2021.10.24"]
[SourceQuality "1"]

1. Nf3 d5 2. d4 Bg4 3. c4 e6 4. Nc3 dxc4 5. e4 Bb4 6. Bd2 Bxc3 7. Bxc3 b5 8. Be2 Nf6 9. e5 Nd5 10. 0-0 b4 11. Bd2 Bxf3 12. Bxf3 c6 13. Qa4 0-0 14. Bxb4 Re8 15. Bd6 1-0

[Event "RN-2014-0-00784"]
[Site "LSS email"]
[Date "2014.03.29"]
[Round "?"]
[White "Goepfert, Christian"]
[Black "Ezhov, Sergey"]
[Result "1-0"]
[WhiteElo "644"]
[BlackElo "527"]
[PlyCount "37"]
[EventDate "2014.03.20"]
[EventType "tourn (corr)"]
[EventRounds "6"]
[EventCountry "GER"]
[SourceTitle "Telechess CBM 167"]
[Source "ChessBase"]
[SourceDate "2015.07.13"]
[SourceVersion "1"]
[SourceVersionDate "2015.07.13"]
[SourceQuality "1"]

1. c4 Nf6 2. Nf3 c5 3. Nc3 e6 4. g3 Be7 5. Bg2 0-0 6. 0-0 Nc6 7. d3 Re8 8. Bf4 d6 9. a3 h6 10. d4 cxd4 11. Na2 e5 12. Bd2 a6 13. b4 e4 14. Ne1 Qb6 15. Rb1 Bf5 16. c5 dxc5 17. bxc5 Qxc5 18. Rxb7 Rab8 19. Rxb8 1-0

[Event "RN-2014-0-00784"]
[Site "LSS email"]
[Date "2014.03.29"]
[Round "?"]
[White "Goepfert, Christian"]
[Black "Vontina, Maria"]
[Result "0-1"]
[WhiteElo "644"]
[BlackElo "738"]
[PlyCount "68"]
[EventDate "2014.03.20"]
[EventType "tourn (corr)"]
[EventRounds "6"]
[EventCountry "GER"]
[SourceTitle "Telechess CBM 167"]
[Source "ChessBase"]
[SourceDate "2015.07.13"]
[SourceVersion "1"]
[SourceVersionDate "2015.07.13"]
[SourceQuality "1"]

1. c4 Nf6 2. Nf3 e6 3. a3 d5 4. cxd5 Nxd5 5. e4 Nf6 6. Nc3 Be7 7. d4 0-0 8. Bd3 a6 9. 0-0 c5 10. dxc5 Bxc5 11. b4 Be7 12. e5 Ne8 13. Ne4 Nc6 14. b5 Na5 15. Bg5 h6 16. Bxe7 Qxe7 17. Qa4 axb5 18. Bxb5 Nc7 19. Nd6 Nxb5 20. Qxb5 Nc6 21. Rfb1 Rb8 22. Nxc8 Rfxc8 23. Nd2 Qc7 24. Ne4 Qxe5 25. Qxe5 Nxe5 26. Nd6 Rc7 27. Rb5 Rd7 28. Rxe5 Rxd6 29. a4 Ra6 30. Rb5 Rba8 31. a5 b6 32. f4 Rxa5 33. Raxa5 bxa5 34. Kf2 a4 0-1

[Event "RN-2014-0-00784"]
[Site "LSS email"]
[Date "2014.03.29"]
[Round "?"]
[White "Venturas, Bob"]
[Black "Goepfert, Christian"]
[Result "0-1"]
[WhiteElo "736"]
[BlackElo "644"]
[PlyCount "102"]
[EventDate "2014.03.20"]
[EventType "tourn (corr)"]
[EventRounds "6"]
[EventCountry "GER"]
[SourceTitle "Telechess CBM 167"]
[Source "ChessBase"]
[SourceDate "2015.07.13"]
[SourceVersion "1"]
[SourceVersionDate "2015.07.13"]
[SourceQuality "1"]

1. e4 c6 2. d4 d5 3. Nc3 dxe4 4. Nxe4 Bf5 5. f3 Nd7 6. Bc4 e6 7. Ne2 Ngf6 8. Bg5 h6 9. Nxf6+ Nxf6 10. Bf4 Be7 11. 0-0 0-0 12. c3 Nd5 13. Qd2 b5 14. Bd3 Bxd3 15. Qxd3 b4 16. c4 Nxf4 17. Nxf4 a5 18. Qe4 c5 19. Rad1 cxd4 20. Rxd4 Bc5 21. Rfd1 Bxd4+ 22. Rxd4 Qb6 23. Nd3 Rfd8 24. c5 Qb5 25. h3 Rac8 26. Kf2 Rxd4 27. Qxd4 Qa4 28. Qc4 Qd1 29. c6 Qd2+ 30. Kg3 Qg5+ 31. Kh2 Qd5 32. Qxd5 exd5 33. Ne5 f6 34. Ng6 Kf7 35. Nf4 d4 36. Nd3 Rxc6 37. Kg3 Re6 38. Kf2 g5 39. g4 Kg6 40. b3 h5 41. Nc5 Rc6 42. Ne4 Rc2+ 43. Ke1 Rxa2 44. Nc5 Rc2 45. Ne4 f5 46. Nd6 fxg4 47. fxg4 hxg4 48. hxg4 Rb2 49. Nc4 Rxb3 50. Nxa5 Rc3 51. Kd2 b3 0-1

[Event "GER Liga Q Server-25 email"]
[Site "GER email"]
[Date "2014.03.12"]
[Round "?"]
[White "Goepfert, Christian"]
[Black "Pimmingstorfer, Christian"]
[Result "0-1"]
[WhiteElo "1246"]
[BlackElo "1583"]
[PlyCount "22"]
[EventDate "2014.03.17"]
[EventType "tourn (corr)"]
[EventRounds "6"]
[EventCountry "GER"]
[SourceTitle "Corr 2020"]
[Source "ChessBase"]
[SourceDate "2019.09.30"]
[SourceVersion "1"]
[SourceVersionDate "2019.09.30"]
[SourceQuality "1"]

1. d4 Nf6 2. c4 e5 3. dxe5 Ng4 4. Bf4 Nc6 5. Nf3 Bb4+ 6. Nbd2 Qe7 7. e3 Ngxe5 8. Be2 0-0 9. a3 Bd6 10. b4 Nxf3+ 11. Nxf3 Bxf4 0-1